Ảnh hưởng của độ mặn kết hợp nhiệt độ lên tiêu hóa và hiệu quả sử dụng thức ăn của cá rô phi đỏ (Oreochromis sp.) : Luận văn tốt nghiệp Cao học. Chuyên ngành Nuôi trồng thủy sản

Đánh giá mức độ ảnh hưởng của độ mặn kết hợp nhiệt độ lên sự tiêu hóa và hiệu quả sử dụng thức ăn của cá rô phi đỏ làm cơ sở đề xuất giải pháp kỹ thuật nuôi cá rô phi đỏ dưới tác động của biến đổi khí hậu....

Πλήρης περιγραφή

Αποθηκεύτηκε σε:
Λεπτομέρειες βιβλιογραφικής εγγραφής
Κύριος συγγραφέας: Trần, Tín Nhiệm
Μορφή: Βιβλίο
Γλώσσα:Undetermined
Έκδοση: Cần Thơ Trường Đại học Cần Thơ 2018
Θέματα:
Ετικέτες: Προσθήκη ετικέτας
Δεν υπάρχουν, Καταχωρήστε ετικέτα πρώτοι!
Thư viện lưu trữ: Trung tâm Học liệu Trường Đại học Cần Thơ
LEADER 01262nam a2200217Ia 4500
001 CTU_228167
008 210402s9999 xx 000 0 und d
082 |a 639.31 
082 |b Nh304 
088 |a 8620301 
100 |a Trần, Tín Nhiệm 
245 0 |a Ảnh hưởng của độ mặn kết hợp nhiệt độ lên tiêu hóa và hiệu quả sử dụng thức ăn của cá rô phi đỏ (Oreochromis sp.) : 
245 0 |b Luận văn tốt nghiệp Cao học. Chuyên ngành Nuôi trồng thủy sản 
245 0 |c Trần Tín Nhiệm ; Trần Thị Thanh Hiền (Cán bộ hướng dẫn) 
260 |a Cần Thơ 
260 |b Trường Đại học Cần Thơ 
260 |c 2018 
520 |a Đánh giá mức độ ảnh hưởng của độ mặn kết hợp nhiệt độ lên sự tiêu hóa và hiệu quả sử dụng thức ăn của cá rô phi đỏ làm cơ sở đề xuất giải pháp kỹ thuật nuôi cá rô phi đỏ dưới tác động của biến đổi khí hậu. 
650 |a Fish culture,Nuôi cá 
910 |b nthai 
980 |a Trung tâm Học liệu Trường Đại học Cần Thơ